Agricultural occupancy conditions (Record no. 94748)

MARC details
000 -LEADER
fixed length control field 00910cam a2200265 4500
008 - FIXED-LENGTH DATA ELEMENTS--GENERAL INFORMATION
fixed length control field 090401t1996 xxu||||| |||| 00| 0 eng d
020 ## - INTERNATIONAL STANDARD BOOK NUMBER
International Standard Book Number 0854067647
035 ## - SYSTEM CONTROL NUMBER
System control number (Sirsi) u65267
041 #0 - LANGUAGE CODE
Language code of text/sound track or separate title eng
050 04 - LIBRARY OF CONGRESS CALL NUMBER
Classification number 711.554 $2 18
090 ## - LOCALLY ASSIGNED LC-TYPE CALL NUMBER (OCLC); LOCAL CALL NUMBER (RLIN)
Classification number (OCLC) (R) ; Classification number, CALL (RLIN) (NR) RICS 1996/42ABCD
110 2# - MAIN ENTRY--CORPORATE NAME
Corporate name or jurisdiction name as entry element Royal Institution of Chartered Surveyors
Subordinate unit Planning Practice Skills Panel
9 (RLIN) 4513
245 00 - TITLE STATEMENT
Title Agricultural occupancy conditions
Remainder of title guidance note prepared by the Planning Practice Skills Panel
260 ## - PUBLICATION, DISTRIBUTION, ETC.
Place of publication, distribution, etc. London
Name of publisher, distributor, etc. RICS
Date of publication, distribution, etc. 1996
300 ## - PHYSICAL DESCRIPTION
Extent 17p.
Dimensions 30cm.
350 ## - PRICE (NR) (BK AM CF MU VM SE) [OBSOLETE]
Price 10.50
490 #0 - SERIES STATEMENT
Series statement RICS Guidance Note
520 ## - SUMMARY, ETC.
Summary, etc. Designed to help the non-expert practitioner with planning procedure, providing accurate information in a simple jargon-free style.
520 ## - SUMMARY, ETC.
Summary, etc. Withdrawn 2002.
650 24 - SUBJECT ADDED ENTRY--TOPICAL TERM
Topical term or geographic name entry element PPG7
651 #4 - SUBJECT ADDED ENTRY--GEOGRAPHIC NAME
Geographic name England and Wales
Chronological subdivision 1543-
690 ## - LOCAL SUBJECT ADDED ENTRY--TOPICAL TERM (OCLC, RLIN)
Topical term or geographic name as entry element Planning and development
9 (RLIN) 6259
942 ## - ADDED ENTRY ELEMENTS (KOHA)
Suppress in OPAC 0
948 ## - LOCAL PROCESSING INFORMATION (OCLC); SERIES PART DESIGNATOR (RLIN)
c (OCLC) 04/03/1997
Holdings
Withdrawn status Lost status Source of classification or shelving scheme Damaged status Not for loan Home library Current library Shelving location Date acquired Cost, normal purchase price Total Checkouts Full call number Barcode Date last seen Copy number Cost, replacement price Price effective from Koha item type Date last checked out
    Dewey Decimal Classification     London London RICS Boxes 18/06/1996 10.50   RICS 1996/42 30049852 06/08/2019 1 10.50 06/08/2019 Archive  
    Dewey Decimal Classification     London London RICS Boxes 18/06/1996 10.50   RICS 1996/42 30049853 06/08/2019 2 10.50 06/08/2019 Reference material  
    Dewey Decimal Classification     London London RICS Boxes 18/06/1996 10.50 8 RICS 1996/42 30049854 06/08/2019 3 10.50 06/08/2019 Book 23/05/2007